| 000 -LEADER |
| fixed length control field |
00576nam a22002057a 4500 |
| 008 - FIXED-LENGTH DATA ELEMENTS--GENERAL INFORMATION |
| fixed length control field |
151002b xxu||||| |||| 00| 0 eng d |
| 020 ## - INTERNATIONAL STANDARD BOOK NUMBER |
| International Standard Book Number |
0030330017 |
| 041 0# - LANGUAGE CODE |
| Language code of text/sound track or separate title |
eng |
| 080 ## - UNIVERSAL DECIMAL CLASSIFICATION NUMBER |
| Universal Decimal Classification number |
336 |
| 100 1# - Rafti |
| Rafti |
Gitman, Lawrence J. |
| 245 10 - TITLE STATEMENT |
| Title |
Personal financial planning / |
| Statement of responsibility, etc |
Lawrence J. Gitman, Michael D. Joehnk. |
| 250 ## - |
| -- |
9th ed. |
| 260 ## - |
| -- |
Cincinnati, OH : |
| -- |
South-Western/Thomson Learning, |
| -- |
2002. |
| 300 ## - |
| -- |
xxvi, 709 f. : |
| -- |
me il.; |
| -- |
26 cm. |
| 650 #0 - |
| -- |
Financa |
| 650 #0 - |
| -- |
Personale |
| 650 #0 - |
| -- |
Planifikim |
| 700 1# - |
| -- |
Joehnk, Michael D. |
| 942 ## - ADDED ENTRY ELEMENTS (KOHA) |
| Source of classification or shelving scheme |
|
| Item type |
Books |